Florida Click Quiz - Disney Attraction, Swamp, Toll Road, or FL Key - Statistics

General Stats
  • This quiz has been taken 6 times
  • The average score is 20 of 32
Answer Stats
Hint Answer % Correct
Fanatasmic! Disney Attraction
100%
Na'vi River Journey Disney Attraction
100%
Okefenokee Swamp
100%
Space Mountain Disney Attraction
67%
Tiana's Bayou Adventure Disney Attraction
67%
The Barnstormer Disney Attraction
67%
Tomorrowland Speedway Disney Attraction
67%
Test Track Disney Attraction
67%
Gorilla Falls Exploration Trail Disney Attraction
67%
Boca Chica Florida Key
67%
Largo Florida Key
67%
Lower Matecumbe Florida Key
67%
Knockemdown Florida Key
67%
Bahia Honda Florida Key
67%
Everglades Swamp
67%
Corkscrew Swamp
67%
Green Swamp
67%
Wahoo Swamp
67%
Alligator Alley Toll Road
67%
Ronald Reagan Toll Road
67%
First Coast Toll Road
67%
Bee Line Toll Road
67%
Don Shula Toll Road
67%
Goldenrod Road Toll Road
67%
Sugarloaf Florida Key
33%
Fat Deer Florida Key
33%
No Name Florida Key
33%
Big Cypress Swamp
33%
Barley Barber Swamp
33%
Santa Fe Swamp
33%
Snapper Creek Toll Road
33%
Orchard Pond Toll Road
33%
No matching quizzes found
Score Distribution
Percent of People with Each Score
Percentile by Number Answered
Your Score History
You have not taken this quiz